Nelson's encyclopedia unabridged/ (Record no. 31189)

000 -LEADER
fixed length control field 00428nam a22001217a 4500
008 - FIXED-LENGTH DATA ELEMENTS--GENERAL INFORMATION
fixed length control field 220224b |||||||| |||| 00| 0 eng d
050 ## - LIBRARY OF CONGRESS CALL NUMBER
Classification number REF SK 601 .M45 1963
100 ## - MAIN ENTRY--PERSONAL NAME
Personal name edited by:Meine,Frankilin J.
245 ## - TITLE STATEMENT
Title Nelson's encyclopedia unabridged/
Statement of responsibility, etc. edited by:Franklin J.Meine
260 ## - PUBLICATION, DISTRIBUTION, ETC. (IMPRINT)
Place of publication, distribution, etc. NewYork:
Name of publisher, distributor, etc. Thomas Nelson & sons,
Date of publication, distribution, etc. c1940.
300 ## - PHYSICAL DESCRIPTION
Extent 247p.:
Dimensions 24cm
942 ## - ADDED ENTRY ELEMENTS (KOHA)
Source of classification or shelving scheme
Koha item type Reference Material
Classification part REF SK 601 .M45 1963
Holdings
Withdrawn status Lost status Source of classification or shelving scheme Damaged status Not for loan Home library Current library Shelving location Date acquired Cost, normal purchase price Total Checkouts Full call number Barcode Date last seen Price effective from Koha item type
          MACHAKOS UNIVERSITY LIBRARY MACHAKOS UNIVERSITY LIBRARY Reference 24/02/2022 1583.00   REF SK 601 .M45 1963 23855 24/02/2022 24/02/2022 Reference Material
© Machakos University Library, Along The Highway, Machakos Wote Rd, Machakos, Kenya P.O. Box 136 - 90100 Machakos - Kenya

Tel: ( +254 ) 723 805829 OR Fax : 044-20353 OR Email: library@mksu.ac.ke